Как мы строили стадион; Томский политехнический. Физкультура. Спорт

Detalles Bibliográficos
Parent link:Томский политехнический. Физкультура. Спорт.— 2007.— С. 25-27
Autor Principal: Чучалин И. П. Иван Петрович
Idioma:ruso
Publicado: 2007
Subjects:
Formato: MixedMaterials Capítulo de libro
KOHA link:https://koha.lib.tpu.ru/cgi-bin/koha/opac-detail.pl?biblionumber=216824

MARC

LEADER 00000naa2a2200000 4500
001 216824
005 20231031194345.0
035 |a (RuTPU)RU\TPU\book\236797 
035 |a RU\TPU\book\236796 
090 |a 216824 
100 |a 20120529d2007 k y0rusy50 ca 
101 0 |a rus 
102 |a RU 
200 1 |a Как мы строили стадион  |f И. П. Чучалин 
463 1 |0 (RuTPU)RU\TPU\book\143988  |y 978-5-94154-126-3  |t Томский политехнический. Физкультура. Спорт  |f Томский политехнический университет (ТПУ) ; под ред. М. Г. Николаева  |v С. 25-27  |d 2007  |p 216 с. 
610 1 |a труды учёных ТПУ 
700 1 |a Чучалин  |b И. П.  |c физик  |c ректор Томского института автоматизированных систем управления и радиоэлектроники (ТИАСУР) с 1972 по 1981 гг.  |c ректор Томского политехнического института (ТПИ) с 1981 по 1990 гг.  |c выпускник ФТФ ТПИ 1951 г.  |f 1925-  |g Иван Петрович  |2 stltpush  |3 (RuTPU)RU\TPU\pers\11823 
801 1 |a RU  |b 63413507  |c 20101119 
801 2 |a RU  |b 63413507  |c 20220209  |g RCR 
942 |c BK